| 000 | 00770 a2200217 4500 | ||
|---|---|---|---|
| 003 | NUST | ||
| 005 | 20231019153858.0 | ||
| 008 | 231019b ||||| |||| 00| 0 eng d | ||
| 020 | _a0975586017 | ||
| 020 | _a9780975586013 | ||
| 082 |
_a923.25491 _bSTR |
||
| 100 | 1 | _aKhan, Sahabzada Yaqub. | |
| 245 | 1 | 0 |
_aStrategy, diplomacy, humanity : _blife and work of sahabzada yaqub-khan / _cSahabzada Yaqub Khan. |
| 260 |
_a[S.l.] : _bIntercultural Forum, _c2005. |
||
| 300 | _a396 p. | ||
| 500 | _aHardcover. | ||
| 700 | 1 |
_aDil, Anwar. _96677 |
|
| 856 | 4 | 0 |
_3Amazon.com _uhttp://www.amazon.com/exec/obidos/ASIN/0975586017/chopaconline-20 |
| 856 | 4 | 0 |
_3Amazon customer reviews _uhttp://www.chopac.org/cgi-bin/tools/azrev.pl?q=0975586017 |
| 942 |
_aNBS _cBK _k923.25491 STR _2ddc |
||
| 999 |
_c344235 _d344235 |
||